[Event "Open A"]
[Site "Livigno ITA"]
[Date "2010.09.12"]
[Round "3"]
[White "Skliba, Martin"]
[Black "Michalik, Peter"]
[WhiteElo "2287"]
[BlackElo "2455"]
[Result "0-1"]
[PlyCount "112"]
[EventDate "2010.09.10"]

1. d4 d6 2. Nf3 g6 3. c4 Bg7 4. Nc3 Bg4 5. g3 Qc8 6. Bg2 Bh3 7. Bxh3 Qxh3 8.
Qb3 Qc8 9. h3 Nf6 10. Bf4 O-O 11. O-O-O Nbd7 12. g4 c5 13. d5 a6 14. e4 b5 15.
Rhe1 Nb6 16. e5 Nxg4 17. hxg4 Qxg4 18. Ne2 Nxc4 19. Rg1 Qf5 20. Qc2 Qxc2+ 21.
Kxc2 dxe5 22. Bc1 Rfd8 23. Ng3 Nb6 24. Nf5 Kf8 25. Nxg7 Kxg7 26. Nxe5 Rxd5 27.
Rde1 Rc8 28. Ng4 Rd7 29. Bh6+ Kg8 30. f4 f6 31. f5 Rc6 32. fxg6 hxg6 33. Bc1
Kg7 34. Bh6+ Kf7 35. Bc1 Kg7 36. Bh6+ Kh7 37. Rh1 Nd5 38. Bc1+ Kg7 39. Reg1
Rcd6 40. Nh6 Nb4+ 41. Kb1 Rd5 42. Ng4 Nd3 43. Ne3 Re5 44. Ng4 Re2 45. Rh2 Rxh2
46. Nxh2 Nxc1 47. Kxc1 e5 48. Ng4 e4 49. Ne3 Kf7 50. Rd1 Rxd1+ 51. Kxd1 Ke6 52.
Ke2 f5 53. Ng2 g5 54. Ne3 Ke5 55. a4 g4 56. a5 g3 0-1

[Event "Open A"]
[Site "Livigno ITA"]
[Date "2010.09.12"]
[Round "3"]
[White "Valsecchi, Alessio"]
[Black "Lazic, Miroljub"]
[WhiteElo "2331"]
[BlackElo "2502"]
[Result "0-1"]
[PlyCount "77"]
[EventDate "2010.09.10"]

1. d4 d6 2. g3 e5 3. Bg2 exd4 4. Qxd4 Nc6 5. Qd3 Nf6 6. Nf3 g6 7. O-O Bg7 8. c3
O-O 9. Bg5 h6 10. Bxf6 Qxf6 11. Nbd2 Re8 12. Rad1 Be6 13. Nb3 Bf5 14. Qb5 Rab8
15. Nfd4 Bd7 16. Nxc6 bxc6 17. Qa5 Qd8 18. Rd2 Re5 19. Qa4 Reb5 20. Rfd1 Qc8
21. Qxa7 Ra8 22. Qe3 Rxa2 23. c4 Rb4 24. c5 d5 25. Bxd5 cxd5 26. Rxd5 Qe8 27.
Qd3 Qe6 28. Nc1 Bb5 29. Nxa2 Bxd3 30. Nxb4 Bxe2 31. Re1 Qg4 32. Rd8+ Kh7 33.
Nd5 Bf3 34. Ne3 Qb4 35. Rf1 Bc6 36. Rfd1 Qxc5 37. R8d2 Qe5 38. Rc1 Qe4 39. b3
0-1

[Event "Open A"]
[Site "Livigno ITA"]
[Date "2010.09.12"]
[Round "3"]
[White "Weisbuch, Udi"]
[Black "Codenotti, Marco"]
[WhiteElo "2306"]
[BlackElo "2175"]
[Result "1-0"]
[PlyCount "35"]
[EventDate "2010.09.10"]

1. e4 c5 2. Nf3 g6 3. c3 Bg7 4. d4 cxd4 5. cxd4 d5 6. e5 Nh6 7. Nc3 O-O 8. Qb3
Nc6 9. Be3 f6 10. exf6 exf6 11. Qxd5+ Qxd5 12. Nxd5 Bg4 13. Be2 Rad8 14. h3
Bxf3 15. Bxf3 f5 16. O-O-O f4 17. Nxf4 Bxd4 18. Bd5+ 1-0

[Event "Open A"]
[Site "Livigno ITA"]
[Date "2010.09.13"]
[Round "4"]
[White "Aguettaz, Maxime"]
[Black "Cazzaniga, Walter"]
[WhiteElo "2412"]
[BlackElo "2114"]
[Result "1-0"]
[PlyCount "45"]
[EventDate "2010.09.10"]

1. e4 e6 2. d4 d5 3. Nc3 Bb4 4. e5 c5 5. Bd2 cxd4 6. Nb5 Bc5 7. b4 a6 8. bxc5
axb5 9. Qg4 Kf8 10. Bxb5 Nc6 11. Nf3 Qc7 12. Bxc6 bxc6 13. O-O Ne7 14. Qxd4 h6
15. Rfb1 g5 16. h4 Nf5 17. Qb4 gxh4 18. Nxh4 Qe7 19. Nxf5 exf5 20. a4 Kg7 21.
Ra3 Be6 22. Rg3+ Kf8 23. a5 1-0

[Event "Open A"]
[Site "Livigno ITA"]
[Date "2010.09.13"]
[Round "4"]
[White "Bentivegna, Francesco"]
[Black "Shachar, Ehud"]
[WhiteElo "2360"]
[BlackElo "2353"]
[Result "0-1"]
[PlyCount "110"]
[EventDate "2010.09.10"]

1. e4 e6 2. d4 d5 3. Nc3 Bb4 4. exd5 exd5 5. Qf3 Qe7+ 6. Nge2 Nc6 7. Qd3 Be6 8.
a3 Bxc3+ 9. Qxc3 Nf6 10. f3 Nd7 11. Be3 O-O 12. O-O-O Nb6 13. Nf4 a6 14. Qc5
Qd7 15. b3 Rfe8 16. Qc3 Qd6 17. Kb2 Bd7 18. g4 a5 19. Nh5 a4 20. Bf4 axb3 21.
Bxd6 Na4+ 22. Kxb3 Nxc3 23. Kxc3 cxd6 24. Kb2 Re3 25. Rd3 Rxd3 26. Bxd3 Nxd4
27. Rf1 Bc6 28. f4 g6 29. Nf6+ Kg7 30. g5 Ne6 31. h4 h6 32. f5 Nc5 33. gxh6+
Kxh6 34. Ng4+ Kh5 35. Be2 Kxh4 36. fxg6 fxg6 37. Nh2 d4 38. Rg1 Re8 39. Bd1
Na4+ 40. Kc1 Nc3 41. Nf3+ Bxf3 42. Bxf3 Re3 43. Rh1+ Kg3 44. Bxb7 d5 45. Ba6 g5
46. Rf1 g4 47. a4 Nxa4 48. Bc8 Re4 49. Bf5 Rf4 50. Rxf4 Kxf4 51. Be6 Nc3 52.
Kd2 Kf3 53. Kd3 g3 54. Bh3 Ne2 55. Kd2 Nf4 0-1

[Event "Open A"]
[Site "Livigno ITA"]
[Date "2010.09.13"]
[Round "4"]
[White "Bove, Alessandro"]
[Black "Skliba, Martin"]
[WhiteElo "2397"]
[BlackElo "2287"]
[Result "1/2-1/2"]
[PlyCount "96"]
[EventDate "2010.09.10"]

1. d4 Nf6 2. c4 g6 3. Nc3 d5 4. Bf4 Bg7 5. e3 O-O 6. Nf3 c5 7. dxc5 Qa5 8. Rc1
dxc4 9. Bxc4 Qxc5 10. Bb3 Qa5 11. O-O Nc6 12. h3 Bf5 13. Qe2 Ne4 14. Nd5 e5 15.
Rxc6 bxc6 16. Ne7+ Kh8 17. Nxc6 Qb6 18. Ncxe5 Be6 19. Bxe6 Qxe6 20. Qc2 f5 21.
Qa4 Qe8 22. Qa5 g5 23. Bh2 Qd8 24. Qb5 Qe8 25. Qb7 Qh5 26. Nd4 Rae8 27. Qd5 f4
28. Nd7 Nd2 29. Nxf8 Nxf1 30. Nde6 Nxh2 31. Nxg7 Kxg7 32. Ne6+ Kf6 33. Nxf4 Qf7
34. Qd4+ Ke7 35. Qxa7+ Kf8 36. Qxf7+ Kxf7 37. Ne2 Ra8 38. a3 Rb8 39. b4 Ra8 40.
Kxh2 Rxa3 41. Nd4 Ra2 42. Kg3 h5 43. Kf3 Kf6 44. b5 Ke5 45. h4 g4+ 46. Kg3 Ke4
47. Ne6 Ke5 48. Nd4 Ke4 1/2-1/2

[Event "Open A"]
[Site "Livigno ITA"]
[Date "2010.09.13"]
[Round "4"]
[White "Cimmino, Pietro"]
[Black "Karl, Hans"]
[WhiteElo "2098"]
[BlackElo "2211"]
[Result "0-1"]
[PlyCount "220"]
[EventDate "2010.09.10"]

1. c4 e6 2. d4 d5 3. Nc3 c6 4. e3 Nf6 5. Bd3 Nbd7 6. cxd5 exd5 7. Nf3 Bd6 8.
O-O O-O 9. Qc2 Re8 10. Bd2 Nf8 11. h3 Ng6 12. Ng5 Bc7 13. Rac1 Qd6 14. f4 Qe7
15. Rf2 Bd7 16. Re1 Qd6 17. Rc1 Rac8 18. Ne2 Bb6 19. b4 Nf8 20. g4 h6 21. Nf3
Ne4 22. Bxe4 Rxe4 23. Ng3 Re7 24. Ne5 Rce8 25. Rg2 f6 26. Nxd7 Qxd7 27. Nf5 Re4
28. Kh2 Nh7 29. h4 Kh8 30. h5 Nf8 31. Rh1 Bc7 32. Kg1 a6 33. Qd1 Qe6 34. Qf3
Qd7 35. Qh3 Nh7 36. Nh4 Qe6 37. Ng6+ Kg8 38. Kf2 Bb6 39. Rf1 Bc7 40. Nh4 Bd6
41. Nf5 Bc7 42. Kg1 Qc8 43. Kh1 Kh8 44. Rfg1 Qd7 45. Nh4 Kg8 46. Nf5 Qc8 47.
Rg3 Kh8 48. Rf3 Qd7 49. Ng3 R4e7 50. Nf5 Rf7 51. Nh4 Bd6 52. Nf5 Bf8 53. Rfg3
Qe6 54. Qg2 Qd7 55. Nh4 Kg8 56. Nf3 Bd6 57. Rh3 Qe7 58. a3 Qe4 59. Nh4 Qd3 60.
Bc1 Re4 61. Nf3 Ree7 62. Nh4 Re8 63. Rf3 Qe4 64. Nf5 Bf8 65. Ng3 Qe6 66. Nf5
Qe4 67. Ng3 Qe7 68. Nf5 Qc7 69. Rg3 Qd7 70. Rf3 Qe6 71. Rg3 Qe4 72. Qxe4 Rxe4
73. Kg2 Rd7 74. Kf2 Rd8 75. R3g2 Ra8 76. Rd1 a5 77. bxa5 Rxa5 78. Rd3 Rb5 79.
Kf3 Re8 80. Rb2 Rxb2 81. Bxb2 Ra8 82. Rb3 b5 83. Rc3 Ra6 84. e4 dxe4+ 85. Kxe4
Kf7 86. Re3 Be7 87. Nxe7 Kxe7 88. Bc3 Kf7 89. Bb4 Nf8 90. Kf5 Ra7 91. Bc5 Rd7
92. Ke4 Ne6 93. Rc3 Rd5 94. Rc2 Ke8 95. Rc3 Kd7 96. Rc2 Kc7 97. Rc3 Kb7 98. Rc1
Ka6 99. f5 Nxc5+ 100. dxc5 Ka5 101. Rc2 Ka4 102. Rc3 Rd1 103. Ke3 Ra1 104. Kf4
Rxa3 105. Rc1 b4 106. Rd1 b3 107. Rd7 b2 108. Rxg7 Rb3 109. Ra7+ Kb4 110. Rb7+
Kc3 0-1

[Event "Open A"]
[Site "Livigno ITA"]
[Date "2010.09.13"]
[Round "4"]
[White "Codenotti, Marco"]
[Black "Bossi, Alessandro"]
[WhiteElo "2175"]
[BlackElo "2012"]
[Result "0-1"]
[PlyCount "102"]
[EventDate "2010.09.10"]

1. e4 c5 2. Nf3 Nf6 3. e5 Nd5 4. Nc3 e6 5. Nxd5 exd5 6. d4 Nc6 7. dxc5 Bxc5 8.
Qxd5 Qb6 9. Bc4 Bxf2+ 10. Kf1 O-O 11. Qb5 d5 12. Qxb6 Bxb6 13. Bxd5 Rd8 14. c4
Be6 15. Bf4 Bxd5 16. cxd5 Rxd5 17. Ke2 Nd4+ 18. Nxd4 Rxd4 19. Bg3 Rad8 20. Rad1
Rxd1 21. Rxd1 Rxd1 22. Kxd1 Kf8 23. Kd2 Ke7 24. Kd3 Ke6 25. Ke4 h6 26. Be1 Bc7
27. Bc3 a6 28. b3 g6 29. h3 h5 30. a4 Bb8 31. Bb2 Bc7 32. Bd4 Bb8 33. g3 f6 34.
exf6 Bxg3 35. f7 Kxf7 36. Kd5 Ke7 37. Kc5 Bc7 38. Kd5 g5 39. b4 g4 40. hxg4
hxg4 41. Bg1 Kf6 42. Ke4 Ke6 43. b5 a5 44. Be3 Bd6 45. Bb6 Bb4 46. Bc7 Be1 47.
Ke3 Kd5 48. Ke2 Bb4 49. Kd3 Bc5 50. Bh2 b6 51. Bc7 Bf2 0-1

[Event "Open A"]
[Site "Livigno ITA"]
[Date "2010.09.13"]
[Round "4"]
[White "Cordova, Emilio"]
[Black "Naumkin, Igor"]
[WhiteElo "2539"]
[BlackElo "2483"]
[Result "0-1"]
[PlyCount "76"]
[EventDate "2010.09.10"]

1. d4 Nf6 2. Nf3 e6 3. e3 b6 4. Bd3 Bb7 5. O-O Be7 6. c4 O-O 7. b3 d5 8. Bb2
Nbd7 9. Qe2 a6 10. Rd1 Ne4 11. Ne1 f5 12. f3 Bd6 13. fxe4 fxe4 14. Bc2 Qg5 15.
Nd2 Nf6 16. Nef3 exf3 17. Nxf3 Qh5 18. Re1 dxc4 19. e4 cxb3 20. axb3 Bb4 21.
Rf1 a5 22. Rac1 c5 23. Bd3 Rad8 24. h3 Qh6 25. Bb1 Nh5 26. Ne5 Nf4 27. Qg4 Bd2
28. Kh2 Nh5 29. g3 Ba6 30. Rxf8+ Rxf8 31. Rg1 Be3 32. Rg2 Bf1 33. Nd7 Rd8 34.
dxc5 bxc5 35. Bf6 Rxd7 36. e5 Nxf6 37. Qxe6+ Rf7 38. exf6 Qxf6 0-1

[Event "Open A"]
[Site "Livigno ITA"]
[Date "2010.09.13"]
[Round "4"]
[White "Damia, Angelo"]
[Black "Milenkovic, Mladen"]
[WhiteElo "2287"]
[BlackElo "2406"]
[Result "1-0"]
[PlyCount "73"]
[EventDate "2010.09.10"]

1. d4 Nf6 2. Nf3 b6 3. e3 Bb7 4. Bd3 c5 5. O-O g6 6. c4 cxd4 7. exd4 Bg7 8. Nc3
d5 9. Ne5 dxc4 10. Bxc4 O-O 11. Qb3 e6 12. Be3 Qe7 13. Rad1 Rd8 14. Rfe1 Nc6
15. Nxc6 Bxc6 16. d5 Nxd5 17. Nxd5 Bxd5 18. Bxd5 Rxd5 19. Rxd5 exd5 20. Qxd5
Rd8 21. Qg5 Qd7 22. b3 h6 23. Qh4 Qd1 24. Rf1 g5 25. Qc4 Qd3 26. Rc1 Bb2 27.
Qxd3 Rxd3 28. Rc8+ Kg7 29. g4 Be5 30. Ra8 Rd7 31. a4 Bd4 32. Rxa7 Rxa7 33.
Bxd4+ Kf8 34. Bxb6 Rd7 35. a5 Ke7 36. a6 Kd6 37. a7 1-0

[Event "Open A"]
[Site "Livigno ITA"]
[Date "2010.09.13"]
[Round "4"]
[White "Fuchs, Ludek"]
[Black "Mlynek, Petr"]
[WhiteElo "2046"]
[BlackElo "2183"]
[Result "0-1"]
[PlyCount "42"]
[EventDate "2010.09.10"]

1. d4 d5 2. c4 c6 3. Nc3 e6 4. Nf3 dxc4 5. a4 Bb4 6. e3 b5 7. Bd2 a5 8. g3 Bb7
9. Bg2 Nd7 10. O-O Qb6 11. Ne4 Ngf6 12. Ne5 Nxe5 13. Bxb4 Nxe4 14. Bxe4 axb4
15. dxe5 O-O 16. Qc2 h6 17. axb5 cxb5 18. h4 b3 19. Bxb7 Rxa1 20. Qe4 Rxf1+ 21.
Kxf1 c3 0-1

[Event "Open A"]
[Site "Livigno ITA"]
[Date "2010.09.13"]
[Round "4"]
[White "Hrzica, Rok"]
[Black "Bertagnolli, Alexander"]
[WhiteElo "2308"]
[BlackElo "2395"]
[Result "0-1"]
[PlyCount "68"]
[EventDate "2010.09.10"]

1. e4 Nc6 2. Nf3 f5 3. exf5 d5 4. Bb5 Bxf5 5. Ne5 a6 6. Bxc6+ bxc6 7. d4 c5 8.
Qf3 g6 9. g4 Be6 10. Qa3 Bg7 11. Qxc5 Qd6 12. Qc3 Nf6 13. f3 O-O 14. b3 c5 15.
Ba3 cxd4 16. Bxd6 dxc3 17. Bc5 Rac8 18. Bd4 Nxg4 19. fxg4 Rf4 20. Bxc3 Rxc3 21.
Nxc3 Bxe5 22. Ne2 Re4 23. Kf2 Bxa1 24. Rxa1 Bxg4 25. Nc3 Rf4+ 26. Kg2 Rd4 27.
Na4 Bf5 28. c3 Rd2+ 29. Kg3 Kf7 30. Nc5 h5 31. Nxa6 h4+ 32. Kxh4 Rg2 33. h3 Kg7
34. Re1 Kh6 0-1

[Event "Open A"]
[Site "Livigno ITA"]
[Date "2010.09.13"]
[Round "4"]
[White "Jedlicka, Ales"]
[Black "Waldner, Mirko"]
[WhiteElo "2279"]
[BlackElo "2064"]
[Result "0-1"]
[PlyCount "120"]
[EventDate "2010.09.10"]

1. d4 Nf6 2. Nf3 g6 3. c4 Bg7 4. g3 O-O 5. Bg2 d6 6. O-O Nbd7 7. Nc3 e5 8. e4
exd4 9. Nxd4 Ne5 10. b3 Bd7 11. f4 Nc6 12. Nxc6 Bxc6 13. Rb1 Re8 14. Qc2 Qe7
15. Re1 Nxe4 16. Rxe4 Bxe4 17. Nxe4 Bd4+ 18. Kh1 f5 19. Nd2 Qe1+ 20. Nf1 Re2
21. Be3 Rxc2 22. Rxe1 Re8 23. Rc1 Rxc1 24. Bxc1 Re1 25. Bd2 Ra1 26. a4 c5 27.
Bd5+ Kf8 28. Kg2 b6 29. b4 cxb4 30. Bxb4 Ra2+ 31. Kh3 Ke7 32. c5 Rxa4 33. cxd6+
Kd7 34. Bd2 Kxd6 35. Bg8 Ke7 36. g4 fxg4+ 37. Kxg4 Kf6 38. Ng3 Kg7 39. Bd5 Bf6
40. Ne4 Rd4 41. Bc6 Rd3 42. Nxf6 Rxd2 43. Ne8+ Kf8 44. h4 Rc2 45. Be4 Rc4 46.
Nf6 Ke7 47. Kg5 a5 48. h5 gxh5 49. Bxh7 h4 50. Bg8 Rc5+ 51. f5 h3 52. Ng4 a4
53. Kg6 Rc6+ 54. Kg7 a3 55. Bd5 Rd6 56. Ne5 Rxd5 57. f6+ Ke6 58. f7 Rd8 59. Nc6
Ra8 60. Nd4+ Kd7 0-1

[Event "Open A"]
[Site "Livigno ITA"]
[Date "2010.09.13"]
[Round "4"]
[White "Lazic, Miroljub"]
[Black "Arnaudov, G. Petar"]
[WhiteElo "2502"]
[BlackElo "2442"]
[Result "0-1"]
[PlyCount "68"]
[EventDate "2010.09.10"]

1. g3 d5 2. Bg2 c6 3. d3 e5 4. Nf3 Bd6 5. e4 Nf6 6. Nbd2 Bg4 7. h3 Bh5 8. O-O
O-O 9. Qe1 Re8 10. Nh4 Bf8 11. a3 a5 12. b3 Bc5 13. Bb2 Nbd7 14. Ndf3 dxe4 15.
dxe4 Qc7 16. Nf5 Bg6 17. N3h4 Nf8 18. Kh1 N6d7 19. f4 f6 20. b4 axb4 21. axb4
Rxa1 22. Bxa1 Ba7 23. Nxg6 Nxg6 24. Qb1 Bb8 25. Qb3+ Kf8 26. h4 exf4 27. h5 f3
28. hxg6 hxg6 29. Nh4 Qxg3 30. Nxf3 Rxe4 31. Qd3 Rh4+ 32. Kg1 Ba7+ 33. Bd4
Bxd4+ 34. Nxd4 Qxd3 0-1

[Event "Open A"]
[Site "Livigno ITA"]
[Date "2010.09.13"]
[Round "4"]
[White "Raineri, Valerio"]
[Black "Innocenti, Luca"]
[WhiteElo "2114"]
[BlackElo "2020"]
[Result "1-0"]
[PlyCount "63"]
[EventDate "2010.09.10"]

1. e4 e6 2. Qe2 b6 3. f4 Bb7 4. Nf3 d6 5. d3 Nd7 6. Nc3 h6 7. Be3 a6 8. g3 g6
9. Bh3 Bg7 10. O-O Ne7 11. Rae1 c5 12. d4 Qc7 13. f5 gxf5 14. exf5 e5 15. dxe5
Bxe5 16. Nxe5 Nxe5 17. Bf4 Qc6 18. Bg2 Qxg2+ 19. Qxg2 Bxg2 20. Kxg2 N7c6 21.
Nd5 Rb8 22. g4 Kf8 23. h3 Kg7 24. Kg3 f6 25. Nc7 Rb7 26. Ne6+ Kh7 27. Rd1 Rd7
28. h4 Nf7 29. g5 fxg5 30. hxg5 hxg5 31. Nxg5+ Nxg5 32. Bxg5 1-0

[Event "Open A"]
[Site "Livigno ITA"]
[Date "2010.09.13"]
[Round "4"]
[White "Stella, Andrea"]
[Black "Rotstein, Arkadij"]
[WhiteElo "2334"]
[BlackElo "2542"]
[Result "0-1"]
[PlyCount "72"]
[EventDate "2010.09.10"]

1. e4 c5 2. Nf3 e6 3. c4 Nc6 4. Nc3 Nf6 5. Be2 a6 6. O-O Qc7 7. d4 cxd4 8. Nxd4
Nxd4 9. Qxd4 Bd6 10. Kh1 Be5 11. Qd3 O-O 12. f4 Bxc3 13. bxc3 b5 14. Ba3 bxc4
15. Qd4 Re8 16. Bd6 Qa7 17. Bc5 Qc7 18. Bd6 Qa7 19. Bc5 Qc7 20. e5 Nd5 21. Bf3
Bb7 22. f5 f6 23. Bxd5 exd5 24. exf6 Re4 25. Qf2 d4 26. fxg7 Qxc5 27. f6 Kf7
28. Rab1 Bc6 29. cxd4 Qd5 30. Qg3 Re2 31. Rf3 c3 32. Rbf1 c2 33. Qh3 h5 34. Rg3
Rg8 35. Rg1 Rf2 36. Qh4 Rxg2 0-1

[Event "Open A"]
[Site "Livigno ITA"]
[Date "2010.09.13"]
[Round "4"]
[White "Trens, Yohan"]
[Black "Arnetta, Maria Teresa"]
[WhiteElo "2086"]
[BlackElo "2111"]
[Result "0-1"]
[PlyCount "94"]
[EventDate "2010.09.10"]

1. e4 e6 2. d4 d5 3. Nc3 Nc6 4. Nf3 Nf6 5. e5 Ne4 6. Bd3 Bb4 7. Bd2 Nxd2 8.
Qxd2 Bd7 9. a3 Be7 10. O-O-O a6 11. h4 b5 12. g4 b4 13. axb4 Nxb4 14. g5 c5 15.
dxc5 Qa5 16. Qf4 Nxd3+ 17. Rxd3 Rb8 18. Kb1 Bxc5 19. Nd2 Rb4 20. Qg3 Qb6 21.
Nd1 O-O 22. Nb3 Rb8 23. h5 Ba4 24. g6 fxg6 25. hxg6 h6 26. Rh3 Bxb3 27. Rxb3
Rxb3 28. cxb3 Rf8 29. f4 Qb4 30. Qg4 Qe4+ 31. Ka2 Qf5 32. Qxf5 Rxf5 33. Rc3 Bd4
34. Rc6 Rxf4 35. Rxe6 h5 36. Rd6 h4 37. Rxd5 Kf8 38. Nc3 Rg4 39. Ne2 Bf2 40.
Rd3 Bg3 41. Rf3+ Ke8 42. b4 Rxg6 43. Nd4 Rg4 44. Nf5 Kd7 45. Ka3 Bxe5 46. b3
Ke6 47. Ne3 Rg3 0-1

[Event "Open A"]
[Site "Livigno ITA"]
[Date "2010.09.13"]
[Round "4"]
[White "Umanec, Filip"]
[Black "Petkov, Vladimir"]
[WhiteElo "2206"]
[BlackElo "2513"]
[Result "1/2-1/2"]
[PlyCount "43"]
[EventDate "2010.09.10"]

1. e4 c5 2. c3 d6 3. d4 Nf6 4. Bd3 Nc6 5. d5 Ne5 6. Bc2 g6 7. f4 Ned7 8. Nf3
Nb6 9. O-O Bg7 10. a4 O-O 11. Nbd2 a5 12. Qe1 e6 13. dxe6 fxe6 14. Ng5 Nh5 15.
Ndf3 Bd7 16. e5 Qe8 17. Nxh7 Kxh7 18. Nh4 Rf5 19. g4 Qf7 20. gxh5 gxh5 21. Rf3
Nd5 22. Bd2 1/2-1/2

[Event "Open A"]
[Site "Livigno ITA"]
[Date "2010.09.13"]
[Round "4"]
[White "Judkovsky, Yair"]
[Black "Chytilek, Roman"]
[WhiteElo "2315"]
[BlackElo "2368"]
[Result "1/2-1/2"]
[PlyCount "40"]
[EventDate "2010.09.10"]

1. e4 c6 2. d4 d5 3. e5 c5 4. dxc5 Nc6 5. Bb5 e6 6. Be3 Nge7 7. Nf3 Bd7 8. Bxc6
Bxc6 9. O-O Nf5 10. Bd4 Qc7 11. Re1 Nxd4 12. Qxd4 Bd7 13. b4 b6 14. cxb6 axb6
15. Nbd2 Be7 16. c4 Bc6 17. Rec1 Qd8 18. cxd5 Bxd5 19. a3 O-O 20. Ne4 Ra6
1/2-1/2

[Event "Open A"]
[Site "Livigno ITA"]
[Date "2010.09.14"]
[Round "5"]
[White "Battistella, Stefano"]
[Black "Trens, Yohan"]
[WhiteElo "2091"]
[BlackElo "2086"]
[Result "0-1"]
[PlyCount "64"]
[EventDate "2010.09.10"]

1. e4 c5 2. b3 Nc6 3. Bb2 e5 4. Nc3 d6 5. Nf3 Nf6 6. Bc4 Be7 7. O-O O-O 8. h3
Nd4 9. Re1 a6 10. a4 Bd7 11. Nd5 Bc6 12. c3 Nxf3+ 13. Qxf3 Bxd5 14. exd5 Qd7
15. a5 Ne8 16. d4 cxd4 17. cxd4 exd4 18. Bxd4 Bf6 19. Rad1 Bxd4 20. Rxd4 Nf6
21. g4 Qc7 22. g5 Nd7 23. Qh5 Rfe8 24. Rde4 Rxe4 25. Rxe4 Qxa5 26. Re7 g6 27.
Qf3 Ne5 28. Qe4 Qd8 29. Rxb7 Qxg5+ 30. Kh2 Qd2 31. Be2 Rc8 32. Qe3 Qxe3 0-1

[Event "Open A"]
[Site "Livigno ITA"]
[Date "2010.09.14"]
[Round "5"]
[White "Bentivegna, Francesco"]
[Black "Cordova, Emilio"]
[WhiteElo "2360"]
[BlackElo "2539"]
[Result "0-1"]
[PlyCount "72"]
[EventDate "2010.09.10"]

1. e4 e6 2. d4 d5 3. exd5 exd5 4. c4 Nf6 5. Nc3 Be7 6. cxd5 O-O 7. Bc4 Nbd7 8.
Nf3 Nb6 9. Bb3 Bg4 10. O-O Nfxd5 11. h3 Be6 12. Bc2 Nxc3 13. bxc3 c5 14. Re1 g6
15. Qe2 Re8 16. Bh6 Bf6 17. Rad1 Bxa2 18. Ne5 cxd4 19. cxd4 Bd5 20. f4 Bg7 21.
Bxg7 Kxg7 22. f5 Qg5 23. Qf2 Rac8 24. h4 Qxg2+ 25. Qxg2 Bxg2 26. f6+ Kg8 27.
Bd3 Bd5 28. h5 Re6 29. hxg6 fxg6 30. Rf1 Rf8 31. Ng4 Nd7 32. Nh6+ Kh8 33. Rde1
Rfxf6 34. Bb5 Rxf1+ 35. Rxf1 Nf6 36. Nf7+ Kg7 0-1

[Event "Open A"]
[Site "Livigno ITA"]
[Date "2010.09.14"]
[Round "5"]
[White "Bertagnolli, Alexander"]
[Black "Michalik, Peter"]
[WhiteElo "2395"]
[BlackElo "2455"]
[Result "0-1"]
[PlyCount "138"]
[EventDate "2010.09.10"]

1. e4 e6 2. b3 d5 3. Bb2 Nf6 4. e5 Nfd7 5. Qg4 c5 6. f4 Nc6 7. Nf3 a6 8. h4 h5
9. Qh3 b5 10. g4 Bb7 11. gxh5 Rxh5 12. Qg4 g6 13. Nc3 Nb4 14. Bd3 Qe7 15. a3
Nxd3+ 16. cxd3 c4 17. d4 cxb3 18. Ng5 Nb6 19. Qd1 b4 20. axb4 Qxb4 21. Ra3 Bc6
22. Rxb3 Qa5 23. Qa1 Nc4 24. Ke2 Qc7 25. d3 Na5 26. Ra3 Bxa3 27. Qxa3 Rb8 28.
Nf3 Nb3 29. Ke3 Bd7 30. Ne2 Qa5 31. Ng3 Rh8 32. f5 exf5 33. Qd6 Qb6 34. Ba3
Qxd6 35. Bxd6 Rb7 36. h5 gxh5 37. Nxh5 Kd8 38. e6 Bxe6 39. Be5 Rh6 40. Bf4 Rg6
41. Ne5 Rg8 42. Nf6 Rf8 43. Nc6+ Kc8 44. Bd6 Rb6 45. Na7+ Kb7 46. Bxf8 Kxa7 47.
Kf4 a5 48. Bc5 Nxc5 49. dxc5 Rb4+ 50. Ke5 d4 51. Ra1 Ka6 52. Ne8 a4 53. Nc7+
Ka5 54. Nxe6 fxe6 55. Rc1 a3 56. c6 Rb8 57. Kxe6 Ka4 58. Kxf5 a2 59. Ke4 Rb1
60. Rc4+ Kb3 61. c7 Re1+ 62. Kd5 Re8 63. Rc1 Rc8 64. Kxd4 Kb2 65. Rh1 Rxc7 66.
Ke5 Rc1 67. Rh2+ Kb3 68. Rxa2 Kxa2 69. d4 Kb3 0-1

[Event "Open A"]
[Site "Livigno ITA"]
[Date "2010.09.14"]
[Round "5"]
[White "Cimmino, Pietro"]
[Black "Fuchs, Ludek"]
[WhiteElo "2098"]
[BlackElo "2046"]
[Result "1-0"]
[PlyCount "61"]
[EventDate "2010.09.10"]

1. e4 c5 2. Nf3 Nc6 3. d4 cxd4 4. c3 dxc3 5. Nxc3 d6 6. Bc4 e6 7. Bf4 Be7 8.
O-O Nf6 9. Qe2 e5 10. Be3 O-O 11. h3 a6 12. Rac1 b5 13. Bb3 Na5 14. Bd5 Nxd5
15. Nxd5 Nc4 16. Rfd1 f5 17. Nxe7+ Qxe7 18. Bg5 Qf7 19. b3 fxe4 20. Ne1 Qg6 21.
bxc4 Qxg5 22. Rc3 Qf6 23. cxb5 Bb7 24. Rc7 Rf7 25. Rxf7 Kxf7 26. Qc4+ Kg6 27.
Qc7 e3 28. Rxd6 exf2+ 29. Kf1 fxe1=Q+ 30. Kxe1 Bxg2 31. Qc2+ 1-0

[Event "Open A"]
[Site "Livigno ITA"]
[Date "2010.09.14"]
[Round "5"]
[White "Hrzica, Rok"]
[Black "Aguettaz, Maxime"]
[WhiteElo "2308"]
[BlackElo "2412"]
[Result "0-1"]
[PlyCount "56"]
[EventDate "2010.09.10"]

1. e4 b6 2. d4 Bb7 3. Bd3 Nf6 4. Qe2 Nc6 5. c3 e5 6. d5 Ne7 7. f4 exf4 8. Bxf4
Ng6 9. Bg3 Bc5 10. Nd2 O-O 11. O-O-O Re8 12. Qf3 c6 13. d6 Qb8 14. Nc4 b5 15.
e5 bxc4 16. Bxg6 hxg6 17. exf6 Be3+ 18. Kb1 c5 19. Qf1 Be4+ 20. Ka1 Qb7 21. Nf3
Rab8 22. Rb1 Bd3 23. Qd1 gxf6 24. h4 Bh6 25. h5 Bxb1 26. Qxb1 Re2 27. hxg6 Rxb2
28. gxf7+ Kf8 0-1

[Event "Open A"]
[Site "Livigno ITA"]
[Date "2010.09.14"]
[Round "5"]
[White "Jedlicka, Ales"]
[Black "Codenotti, Marco"]
[WhiteElo "2279"]
[BlackElo "2175"]
[Result "1/2-1/2"]
[PlyCount "120"]
[EventDate "2010.09.10"]

1. d4 Nf6 2. c4 g6 3. Nc3 d5 4. Bg5 Ne4 5. Bh4 Nxc3 6. bxc3 dxc4 7. e3 Be6 8.
Qb1 Qd5 9. Nf3 Nd7 10. Be2 Bg7 11. O-O Nb6 12. Ng5 O-O 13. Bf3 Qd7 14. Nxe6
Qxe6 15. Bxb7 Rab8 16. Qe4 Qxe4 17. Bxe4 e6 18. Bg3 Rfc8 19. a4 Nd5 20. Bxd5
exd5 21. Rfb1 Rb6 22. a5 Rb3 23. Rxb3 cxb3 24. Rb1 c5 25. dxc5 Rxc5 26. Rxb3
Bxc3 27. Kf1 d4 28. exd4 Bxd4 29. Rd3 Be5 30. f4 Bc7 31. a6 Ra5 32. Rc3 Bb6 33.
Be1 Rxa6 34. Rc8+ Kg7 35. Bc3+ Kh6 36. Ke2 Ra4 37. g4 Bd4 38. Bd2 Kg7 39. Kd3
h6 40. Rc6 Bf6 41. g5 hxg5 42. fxg5 Be5 43. Rc8 Rd4+ 44. Ke2 Rh4 45. Ra8 Rxh2+
46. Kd3 Bd4 47. Rd8 Ba1 48. Ra8 Rh3+ 49. Be3 Bb2 50. Ke2 Rh8 51. Rxa7 Re8 52.
Kf3 Rb8 53. Ra2 Be5 54. Ra5 Bc3 55. Rc5 Rb3 56. Ke4 Bb2 57. Rc2 Rb4+ 58. Kf3
Be5 59. Ra2 Bd4 60. Bf4 Bc3 1/2-1/2

[Event "Open A"]
[Site "Livigno ITA"]
[Date "2010.09.14"]
[Round "5"]
[White "Kantorik, Marian"]
[Black "Urosevic, Goran"]
[WhiteElo "2379"]
[BlackElo "2218"]
[Result "1/2-1/2"]
[PlyCount "203"]
[EventDate "2010.09.10"]

1. d4 Nf6 2. c4 c5 3. d5 b5 4. cxb5 a6 5. bxa6 g6 6. Nc3 Bxa6 7. e4 Bxf1 8.
Kxf1 d6 9. Nf3 Nbd7 10. h3 Bg7 11. Kg1 O-O 12. Kh2 Qa5 13. Qc2 Rfb8 14. Rb1 Nb6
15. Rd1 Nfd7 16. Bg5 Kf8 17. e5 Nxe5 18. Nxe5 Bxe5+ 19. f4 Bg7 20. Rd2 h6 21.
Bh4 Qb4 22. Re1 Qxf4+ 23. g3 Qc4 24. Bxe7+ Kg8 25. Re4 Bd4 26. Bxd6 Re8 27.
Bxc5 Rxe4 28. Nxe4 Bxc5 29. Nxc5 Qxa2 30. d6 Nc4 31. Rd4 Ne3 32. Qe2 Nf5 33.
Rd2 Qa5 34. d7 Qxc5 35. d8=Q+ Rxd8 36. Rxd8+ Kh7 37. Rd2 Qc7 38. Qf3 h5 39. Qf4
Qc1 40. b4 Qb1 41. Qc4 Kg7 42. b5 Qe1 43. Qc3+ Kh7 44. Rc2 Qe4 45. Qc4 Qb7 46.
h4 Ne3 47. Qc6 Qe7 48. b6 Nxc2 49. Qxc2 Qb4 50. Qc6 Qb2+ 51. Kh3 Qf2 52. b7
Qf1+ 53. Kh2 Qf2+ 54. Qg2 Qb6 55. Qf3 Kg7 56. Kg2 Qb2+ 57. Kh3 Qb4 58. Kh2 Qb2+
59. Qg2 Qb6 60. Qd5 Qf2+ 61. Kh3 Qf1+ 62. Qg2 Qb1 63. Qf3 Qb4 64. Kg2 Qb2+ 65.
Kf1 Qb1+ 66. Kf2 Qb2+ 67. Ke3 Qc3+ 68. Ke2 Qc2+ 69. Ke1 Qb1+ 70. Kd2 Qb2+ 71.
Ke3 Qc3+ 72. Kf2 Qb2+ 73. Kg1 Qb1+ 74. Kh2 Qb2+ 75. Kh3 Qb4 76. Qd5 Qg4+ 77.
Kh2 Qe2+ 78. Qg2 Qb5 79. Qe4 Qb2+ 80. Kg1 Qb6+ 81. Kf1 Qb2 82. Qc6 Qb1+ 83. Ke2
Qb2+ 84. Kd3 Qb1+ 85. Kc4 Qf1+ 86. Kc5 Qf2+ 87. Kb4 Qd4+ 88. Kb5 Qe5+ 89. Kb4
Qb2+ 90. Ka5 Qe5+ 91. Qb5 Qb8 92. Kb6 Qd6+ 93. Ka7 Qa3+ 94. Kb6 Qd6+ 95. Ka7
Qa3+ 96. Qa6 Qc5+ 97. Ka8 Qd5 98. Qa4 Kh7 99. Qb4 Kg7 100. Ka7 Qd7 101. Ka6
Qc6+ 102. Ka5 1/2-1/2